| 000 | 01055nam a22002297a 4500 | ||
|---|---|---|---|
| 999 |
_c62179 _d62179 |
||
| 003 | Ge_BSU | ||
| 005 | 20240729143012.0 | ||
| 008 | 240729s2024 ge ||||| |||| 00| 0 geo d | ||
| 020 | _a9789941506765 | ||
| 041 | _ageo | ||
| 080 | _a005.95/96 გ-41 | ||
| 100 |
_aგეჩბაია,ბადრი _916576 |
||
| 245 |
_aპერსონალის მენეჯმენტის თეორია და პრაქტიკა / _cბადრი გეჩბაია, ქეთევან გოლეთიანი, გივი ბაქრაძე. |
||
| 264 |
_aბათუმი, _b[გ.გ] _c2024. |
||
| 300 |
_a228 გვ.: _bცხრ; _c24 სმ. |
||
| 653 | _aპერსონალის მენეჯმენტის თეორია და პრაქტიკა | ||
| 653 | _aმენჯმენტი | ||
| 700 |
_aგოლეთიანი, ქეთევან _94158 |
||
| 700 |
_aბაქრაძე, გივი _922993 |
||
| 773 | _tნაჩუქარი | ||
| 942 |
_2udc _cᲬᲘᲒᲜᲘ |
||